[Event "CSS Freestyle 8th"]
[Site "playchess.com"]
[Date "2008.04.12"]
[Round "6"]
[White "WindPower"]
[Black "Ciron"]
[Result "1-0"]
[WhiteElo "2444"]
[BlackElo "2527"]
[PlyCount "63"]
[EventDate "2008.04.11"]

1. e4 {3} c5 {191} 2. b4 {3} cxb4 {77} 3. a3 {2} e6 {448} 4. axb4 {5} Bxb4 {22}
5. c3 {3} Be7 {62} 6. d4 {4} d6 {395} 7. Bd3 {81} Nf6 {95} 8. Ne2 {65} Nc6 {408
} 9. O-O {17} O-O {53} 10. Nd2 {197} Qc7 {146} 11. h3 {685} b6 {182} 12. f4 {67
} a5 {252} 13. Ba3 {346} Ba6 {188} 14. Bxa6 {280} Rxa6 {10} 15. c4 {1} Rfa8 {
211} 16. d5 {105} Nb4 {74} 17. Nd4 {10} e5 {188} 18. Nb5 {108} Qc8 {152} 19.
fxe5 {Ciron reconnected. 240} dxe5 {20} 20. Bb2 {4} Nd7 {269} 21. Qe2 {132} Bg5
{167} 22. Nf3 {98} Bf4 {25} 23. Kh1 {6} Qc5 {116} 24. g3 {. 286} Bxg3 {9} 25.
Ng5 {20} Qe7 {28} 26. Qg4 {79} h6 {14} 27. Nxf7 {31} Qh4 {8} 28. Nxh6+ {43}
Qxh6 {5} 29. Qxg3 {10} a4 {78} 30. Nc7 {129} Nc2 {10} 31. Ra2 {40} Qh7 {7} 32.
Kh2 {Ciron gibt auf (Lag: Av=2.67s, max=64.7s) 76} 1-0

[Event "CSS Freestyle 8th"]
[Site "playchess.com"]
[Date "2008.04.12"]
[Round "6"]
[White "Juicy J"]
[Black "Takker"]
[Result "1/2-1/2"]
[WhiteElo "2474"]
[BlackElo "2446"]
[PlyCount "101"]
[EventDate "2008.04.11"]

1. e4 {12} c5 {91} 2. Nf3 {3} d6 {32} 3. d4 {3} cxd4 {1} 4. Nxd4 {1} Nf6 {2} 5.
Nc3 {1} a6 {1} 6. Bc4 {24} g6 {107} 7. f3 {137} Bg7 {76} 8. Be3 {3} b5 {106} 9.
Bb3 {11} Bb7 {5} 10. Qd2 {73} Nbd7 {27} 11. Bh6 {246} Bxh6 {87} 12. Qxh6 {4}
Qa5 {100} 13. O-O-O {79} Rc8 {45} 14. Nd5 {569} Bxd5 {174} 15. exd5 {3} Nc5 {
140} 16. Kb1 {11} Nxb3 {205} 17. Nxb3 {12} Qb6 {108} 18. Rhe1 {58} Rg8 {243}
19. Rd2 {903} a5 {238} 20. Nd4 {51} Rc7 {54} 21. Nf5 {253} a4 {325} 22. g4 {525
} a3 {321} 23. bxa3 {148} b4 {86} 24. a4 {33} Qc5 {8} 25. Qg5 {20} gxf5 {65}
26. Qxf6 {4} Qc3 {Takker offers a draw 30} 27. Qd4 {132} fxg4 {83} 28. fxg4 {0}
Rxg4 {40} 29. Rxe7+ {3} Rxe7 {6} 30. Qxg4 {3} Re1+ {30} 31. Rd1 {3} f6 {56} 32.
a5 {164} Kd8 {29} 33. Qg8+ {46} Kc7 {19} 34. Qxh7+ {3} Kb8 {2} 35. Qh5 {26} f5
{19} 36. Rxe1 {212} Qxe1+ {3} 37. Kb2 {5} Qc3+ {3} 38. Kc1 {20} Qa1+ {6} 39.
Kd2 {9} Qd4+ {Takker offers a draw 11} 40. Ke2 {82} Qe5+ {21} 41. Kf2 {87} Qd4+
{6} 42. Kg3 {20} Qg7+ {10} 43. Kh3 {76} Qc3+ {8} 44. Kg2 {16} Qg7+ {7} 45. Kh3
{65} Qc3+ {4} 46. Kh4 {4} Qd4+ {11} 47. Kg5 {5} Qg7+ {5} 48. Kxf5 {5} Qe5+ {4}
49. Kg4 {10} Qe2+ {4} 50. Kg5 {18} Qe5+ {4} 51. Kg4 {
Juicy J offers a draw (Lag: Av=15.76s, max=79.3s) 40} 1/2-1/2

[Event "CSS Freestyle 8th"]
[Site "playchess.com"]
[Date "2008.04.12"]
[Round "6"]
[White "Ragged"]
[Black "Don Juan"]
[Result "1-0"]
[WhiteElo "2431"]
[BlackElo "2483"]
[PlyCount "79"]
[EventDate "2008.04.11"]

1. e4 {4} c6 {222} 2. d4 {13} d5 {4} 3. e5 {9} Bf5 {410} 4. Nf3 {48} e6 {87} 5.
Be2 {42} Nd7 {56} 6. O-O {40} Ne7 {70} 7. Nbd2 {36} h6 {41} 8. c3 {52} Ng6 {36}
9. Nb3 {45} a5 {38} 10. a4 {52} Qc7 {138} 11. Be3 {543} Be7 {162} 12. Nfd2 {102
} h5 {206} 13. Bxh5 {48} c5 {113} 14. Bg4 {345} c4 {106} 15. Nc1 {84} Nh4 {11}
16. g3 {99} Bxg4 {143} 17. Qxg4 {124} Nf5 {6} 18. Bg5 {273} Bxg5 {14} 19. Qxg5
{7} Qc6 {124} 20. Ne2 {65} Nb6 {13} 21. Nf4 {203} Nxa4 {93} 22. Nh5 {68} Kd7 {
133} 23. g4 {13} Ne7 {57} 24. Ra2 {106} b5 {84} 25. Nf3 {13} Qc7 {79} 26. Rb1 {
86} Rag8 {15} 27. Qf4 {86} f6 {215} 28. Qg3 {129} Rh6 {15} 29. h3 {77} Qd8 {88}
30. Nf4 {58} Qb8 {99} 31. Kg2 {190} Rc8 {192} 32. Re1 {65} f5 {118} 33. g5 {59}
Rhh8 {34} 34. g6 {37} Rhg8 {14} 35. Ng5 {36} Rc6 {10} 36. Nf7 {38} Rb6 {92} 37.
h4 {21} Qf8 {74} 38. h5 {32} Rc6 {175} 39. Rh1 {49} Rc8 {201} 40. Qg5 {
Don Juan rinde (Lag: Av=0.71s, max=1.9s) 7} 1-0

[Event "CSS Freestyle 8th"]
[Site "playchess.com"]
[Date "2008.04.12"]
[Round "6"]
[White "HydraAssasin"]
[Black "Odirovski"]
[Result "1-0"]
[WhiteElo "2419"]
[BlackElo "2401"]
[PlyCount "81"]
[EventDate "2008.04.11"]

1. e4 {7} e6 {51} 2. d4 {7} d5 {42} 3. Nd2 {6} Nf6 {154} 4. e5 {9} Nfd7 {3} 5.
Bd3 {19} c5 {2} 6. c3 {5} Nc6 {7} 7. Ne2 {8} cxd4 {102} 8. cxd4 {6} Qb6 {83} 9.
Nf3 {17} Bb4+ {15} 10. Bd2 {209} f6 {44} 11. exf6 {12} Nxf6 {8} 12. O-O {82}
Bd6 {327} 13. Bf4 {665} Bxf4 {28} 14. Nxf4 {22} O-O {66} 15. Qd2 {204} Kh8 {494
} 16. Bb1 {101} Bd7 {55} 17. h3 {220} Rae8 {683} 18. Re1 {8} a5 {147} 19. b3 {
84} Qc7 {178} 20. Qe3 {66} Ne4 {40} 21. g3 {70} Nd6 {236} 22. Qc3 {130} Qb6 {
112} 23. Ng5 {83} Qxd4 {474} 24. Qxd4 {26} Nxd4 {0} 25. Bxh7 {17} Nf3+ {30} 26.
Nxf3 {25} Kxh7 {0} 27. Nxe6 {52} Bxe6 {51} 28. Ng5+ {11} Kg8 {26} 29. Nxe6 {89}
Rf5 {30} 30. Rad1 {43} Nb5 {HydraAssasin reconnected. 35} 31. Re3 {6} Nc3 {34}
32. Rd2 {41} Ne4 {67} 33. Nf4 {10} Ree5 {9} 34. Rxd5 {18} Rxd5 {9} 35. Nxd5 {20
} Rxd5 {2} 36. Rxe4 {79} Kf7 {25} 37. Kf1 {128} b5 {83} 38. Ke2 {80} Rc5 {3}
39. Kd3 {26} Rc1 {2} 40. Re2 {86} Kf6 {11} 41. Rc2 {
Odirovski resigns (Lag: Av=0.84s, max=2.1s) 144} 1-0

[Event "CSS Freestyle 8th"]
[Site "playchess.com"]
[Date "2008.04.12"]
[Round "6"]
[White "Croberson"]
[Black "Alexisco"]
[Result "1/2-1/2"]
[WhiteElo "2427"]
[BlackElo "2519"]
[PlyCount "89"]
[EventDate "2008.04.11"]

1. Nf3 {89} Nf6 {17} 2. c4 {72} c5 {69} 3. Nc3 {34} e6 {82} 4. g3 {82} Nc6 {339
} 5. d4 {62} cxd4 {62} 6. Nxd4 {19} Qb6 {11} 7. Nb3 {79} Ne5 {27} 8. e4 {42}
Bb4 {430} 9. Qe2 {71} d6 {53} 10. Bd2 {33} a5 {94} 11. f4 {216} Nc6 {24} 12.
Be3 {181} Qd8 {9} 13. Nd2 {166} e5 {22} 14. Nd5 {50} Bc5 {8} 15. fxe5 {98} Nxe5
{72} 16. Bxc5 {95} dxc5 {8} 17. Bg2 {57} O-O {7} 18. O-O {26} Bg4 {9} 19. Qe3 {
90} Nfd7 {11} 20. Qc3 {106} f6 {8} 21. Rf2 {46} Re8 {214} 22. Nf1 {41} Nc6 {173
} 23. Nfe3 {114} Nde5 {95} 24. Nf5 {243} Kh8 {10} 25. Raf1 {406} Bxf5 {119} 26.
exf5 {15} Nd4 {21} 27. h3 {52} Nec6 {380} 28. Re1 {83} Qd6 {18} 29. g4 {80} Nb4
{29} 30. Nf4 {27} Nxa2 {286} 31. Rxe8+ {35} Rxe8 {6} 32. Qg3 {92} Qb8 {151} 33.
Ng6+ {389} hxg6 {126} 34. Qh4+ {7} Kg8 {3} 35. fxg6 {4} Nb4 {17} 36. Qh7+ {5}
Kf8 {6} 37. Rxf6+ {4} Ke7 {8} 38. Qxg7+ {3} Kd8 {7} 39. Kh1 {21} Qe5 {118} 40.
Qf7 {6} Ne2 {22} 41. g7 {105} Ng3+ {11} 42. Kg1 {18} Ne2+ {12} 43. Kh1 {14}
Ng3+ {16} 44. Kg1 {10} Ne2+ {37} 45. Kh1 {(Lag: Av=0.44s, max=1.2s) 7} 1/2-1/2

[Event "CSS Freestyle 8th"]
[Site "playchess.com"]
[Date "2008.04.12"]
[Round "6"]
[White "Talok"]
[Black "Tatar"]
[Result "1-0"]
[WhiteElo "2425"]
[BlackElo "2527"]
[PlyCount "63"]
[EventDate "2008.04.11"]

1. d4 {115} d5 {12} 2. c4 {27} c6 {8} 3. Nf3 {4} Nf6 {10} 4. e3 {3} Bf5 {404}
5. Nc3 {68} e6 {60} 6. Nh4 {80} Bg6 {12} 7. Bd2 {241} Nbd7 {139} 8. Nxg6 {27}
hxg6 {3} 9. Be2 {350} dxc4 {136} 10. Bxc4 {23} Qc7 {10} 11. h3 {413} O-O-O {82}
12. a4 {42} g5 {72} 13. Be2 {154} a6 {10} 14. O-O {152} Nb6 {169} 15. a5 {203}
Nbd5 {72} 16. Bf3 {37} Kb8 {24} 17. e4 {82} Nf4 {745} 18. e5 {75} Ng8 {105} 19.
Ra4 {57} Nh6 {7} 20. Qc1 {59} f5 {611} 21. Bxf4 {149} gxf4 {0} 22. Qxf4 {2} Qe7
{16} 23. Rc4 {210} g5 {46} 24. Qe3 {13} g4 {451} 25. Bxc6 {194} gxh3 {4} 26.
Na4 {146} Qg7 {10} 27. Bf3 {321} Ng4 {165} 28. Qc3 {29} Nh2 {64} 29. Rc1 {6}
Bb4 {23} 30. Rxb4 {5} Nxf3+ {8} 31. Qxf3 {8} h2+ {8} 32. Kh1 {
Tatar gibt auf (Lag: Av=0.35s, max=1.3s) 50} 1-0

[Event "CSS Freestyle 8th"]
[Site "playchess.com"]
[Date "2008.04.12"]
[Round "6"]
[White "Villasevajos"]
[Black "Gallenweiler"]
[Result "1-0"]
[WhiteElo "1603"]
[BlackElo "2105"]
[PlyCount "87"]
[EventDate "2008.04.11"]

1. d4 {18} d5 {31} 2. c4 {10} e6 {40} 3. Nf3 {18} Nf6 {27} 4. g3 {12} dxc4 {59}
5. Bg2 {158} c5 {48} 6. O-O {55} Nc6 {43} 7. Ne5 {175} Bd7 {88} 8. Na3 {20}
cxd4 {34} 9. Naxc4 {8} Bc5 {48} 10. Qb3 {251} O-O {53} 11. Bf4 {63} Rc8 {135}
12. Nd3 {264} b6 {144} 13. Nxc5 {147} bxc5 {23} 14. Bd6 {7} Re8 {23} 15. Bxc5 {
37} Ne5 {125} 16. Bb6 {222} axb6 {131} 17. Nxe5 {5} Rc5 {85} 18. Nxd7 {3} Qxd7
{58} 19. Qxb6 {36} Rb5 {768} 20. Qc6 {53} Rxb2 {5} 21. Qxd7 {9} Nxd7 {2} 22. a4
{44} Nc5 {79} 23. Rfc1 {622} Nb3 {215} 24. Rcb1 {128} Rxb1+ {4} 25. Rxb1 {0}
Nc5 {2} 26. a5 {6} Kf8 {93} 27. Bc6 {813} Rc8 {181} 28. Rb6 {5} Rc7 {2} 29. a6
{4} Ra7 {3} 30. Rb5 {7} Nxa6 {24} 31. Ra5 {2} f5 {49} 32. f4 {55} Ke7 {133} 33.
Bb5 {30} Rb7 {4} 34. Bxa6 {6} Ra7 {2} 35. Ra2 {22} Kf6 {25} 36. Bc4 {26} Rc7 {
43} 37. Ra4 {11} Rc6 {9} 38. Bd3 {106} Rd6 {34} 39. h4 {6} g6 {17} 40. Ra7 {15}
h6 {11} 41. Rh7 {3} h5 {1} 42. Kf2 {41} Rc6 {9} 43. Rb7 {68} Rd6 {16} 44. Bb5 {
Gallenweiler gibt auf (Lag: Av=0.33s, max=1.0s) 23} 1-0

[Event "CSS Freestyle 8th"]
[Site "playchess.com"]
[Date "2008.04.12"]
[Round "6"]
[White "Phepi"]
[Black "Voyage"]
[Result "1-0"]
[WhiteElo "1539"]
[BlackElo "2079"]
[PlyCount "89"]
[EventDate "2008.04.11"]

1. e4 {22} e5 {12} 2. Nf3 {7} Nc6 {8} 3. Bb5 {10} a6 {8} 4. Ba4 {5} Nf6 {46} 5.
O-O {22} Be7 {12} 6. Re1 {47} b5 {37} 7. Bb3 {4} O-O {29} 8. c3 {53} d6 {23} 9.
h3 {14} Nb8 {33} 10. d4 {24} Nbd7 {5} 11. Nbd2 {29} Bb7 {76} 12. Bc2 {16} Re8 {
80} 13. Nf1 {196} Bf8 {64} 14. Ng3 {54} g6 {57} 15. a4 {56} c6 {107} 16. Bg5 {
109} Bg7 {36} 17. Bd3 {78} Rb8 {167} 18. Qd2 {80} Bc8 {58} 19. b4 {113} Qe7 {40
} 20. axb5 {77} axb5 {5} 21. d5 {481} Bb7 {322} 22. Ra7 {8} cxd5 {375} 23. Bxb5
{37} dxe4 {4} 24. Nxe4 {20} Nxe4 {5} 25. Rxe4 {41} Qe6 {197} 26. Nd4 {389} Qd5
{188} 27. f3 {57} Nb6 {41} 28. Bxe8 {39} Rxe8 {4} 29. Bh6 {76} Bf6 {253} 30.
Qe2 {122} Rb8 {56} 31. Kh1 {137} Rd8 {329} 32. Nb3 {215} Ba8 {95} 33. c4 {127}
Qe6 {19} 34. Rg4 {13} Rb8 {110} 35. b5 {63} Rc8 {34} 36. Qd3 {105} Bd8 {217}
37. Nd2 {101} Rc7 {100} 38. Rxc7 {89} Bxc7 {15} 39. f4 {17} Bb7 {165} 40. fxe5
{69} Qxe5 {10} 41. Qe3 {64} f5 {16} 42. Rg3 {62} Nd7 {63} 43. Bf4 {76} Qa1+ {29
} 44. Kh2 {26} Ne5 {5} 45. c5 {Voyage resigns (Lag: Av=0.29s, max=0.9s) 50} 1-0

[Event "CSS Freestyle 8th"]
[Site "playchess.com"]
[Date "2008.04.12"]
[Round "6"]
[White "Knilch"]
[Black "Maschanska"]
[Result "1-0"]
[WhiteElo "2458"]
[BlackElo "2400"]
[PlyCount "100"]
[EventDate "2008.04.11"]

1. e4 {2} e5 {17} 2. Nf3 {14} Nc6 {25} 3. Bb5 {154} a6 {34} 4. Ba4 {28} Nf6 {19
} 5. O-O {15} b5 {19} 6. Bb3 {15} Bb7 {7} 7. d3 {8} Bc5 {112} 8. a4 {7} O-O {96
} 9. Nc3 {13} b4 {57} 10. Nd5 {37} Na5 {184} 11. Nxf6+ {315} Qxf6 {21} 12. Bg5
{11} Qg6 {220} 13. Ba2 {20} Rae8 {28} 14. Bd2 {328} Qf6 {14} 15. c3 {37} bxc3 {
160} 16. bxc3 {186} d6 {88} 17. Rb1 {44} Bc6 {17} 18. Qe2 {146} Bxa4 {16} 19.
Bd5 {142} Bc6 {147} 20. c4 {24} Bxd5 {6} 21. cxd5 {41} Bb6 {4} 22. Be3 {58} Rb8
{41} 23. Bg5 {151} Qg6 {13} 24. Be7 {44} Rfe8 {6} 25. Nh4 {66} Qh6 {49} 26. Nf5
{87} Qg6 {28} 27. Qc2 {116} Nb7 {675} 28. d4 {34} exd4 {5} 29. Rb3 {17} h6 {8}
30. Rg3 {104} Qh7 {6} 31. Bf6 {Maschanska reconnected. 112} g6 {25} 32. Nxh6+ {
37} Qxh6 {7} 33. Qd2 {29} Qh5 {64} 34. Rh3 {40} Re5 {8} 35. Rxh5 {49} Rxh5 {4}
36. g4 {128} Rh7 {17} 37. Bxd4 {70} Bxd4 {23} 38. Qxd4 {10} Nc5 {1} 39. e5 {321
} Re8 {15} 40. Re1 {10} Nd7 {14} 41. f4 {80} Nc5 {40} 42. Qc3 {44} Kf8 {19} 43.
Kg2 {33} Re7 {28} 44. g5 {190} a5 {52} 45. Qxa5 {33} Nd3 {23} 46. Re4 {46} Rh4
{24} 47. e6 {85} fxe6 {11} 48. dxe6 {83} Reh7 {31} 49. e7+ {36} Rxe7 {12} 50.
Qa8+ {87} Kf7 {Maschanska gibt auf (Lag: Av=2.12s, max=91.1s) 9} 1-0

[Event "CSS Freestyle 8th"]
[Site "playchess.com"]
[Date "2008.04.12"]
[Round "6"]
[White "Rajlich"]
[Black "Spaghetti Chess"]
[Result "1/2-1/2"]
[WhiteElo "2594"]
[BlackElo "2532"]
[PlyCount "73"]
[EventDate "2008.04.11"]

1. e4 {28} c5 {157} 2. Nf3 {4} d6 {24} 3. d4 {5} cxd4 {15} 4. Nxd4 {5} Nf6 {9}
5. Nc3 {5} a6 {8} 6. g3 {7} g6 {148} 7. Bg2 {11} Bg7 {72} 8. O-O {5} O-O {43}
9. h3 {7} Nc6 {84} 10. Be3 {8} Bd7 {17} 11. Nd5 {12} Rc8 {45} 12. Ne2 {13} Nxd5
{325} 13. exd5 {10} Na5 {16} 14. Bd4 {5} Bxd4 {18} 15. Nxd4 {8} e5 {126} 16.
dxe6 {10} fxe6 {10} 17. b3 {10} e5 {17} 18. Ne2 {35} Bc6 {56} 19. Qd2 {104} b5
{129} 20. Rad1 {102} Bxg2 {133} 21. Kxg2 {7} Qc7 {74} 22. c3 {16} Rcd8 {146}
23. f4 {87} Nc6 {41} 24. Qe3 {696} Ne7 {134} 25. g4 {10} Qc6+ {181} 26. Kh2 {
720} Qc5 {70} 27. Qd2 {6} Rf7 {526} 28. f5 {20} gxf5 {24} 29. gxf5 {46} Rdf8 {
40} 30. Qxd6 {. 1847} Qe3 {70} 31. Ng3 {9} Nxf5 {82} 32. Nxf5 {9} Qe2+ {60} 33.
Kg3 {69} Rg7+ {114} 34. Nxg7 {6} Qe3+ {60} 35. Kg2 {58} Qe2+ {124} 36. Kg3 {47}
Qe3+ {28} 37. Kg2 {Spaghetti Chess offre la patta (Lag: Av=0.30s, max=1.0s) 6}
1/2-1/2

[Event "CSS Freestyle 8th"]
[Site "playchess.com"]
[Date "2008.04.12"]
[Round "6"]
[White "Snuggles"]
[Black "Enchanter"]
[Result "1/2-1/2"]
[WhiteElo "2518"]
[BlackElo "2585"]
[PlyCount "93"]
[EventDate "2008.04.11"]

1. d4 {50} Nf6 {22} 2. c4 {16} g6 {14} 3. Nc3 {113} d5 {13} 4. cxd5 {99} Nxd5 {
12} 5. e4 {10} Nxc3 {5} 6. bxc3 {1} Bg7 {11} 7. Nf3 {6} c5 {28} 8. Rb1 {8} O-O
{20} 9. Be2 {15} b6 {314} 10. O-O {22} Bb7 {14} 11. Qd3 {62} Ba6 {238} 12. Qe3
{3} Qc8 {13} 13. d5 {61} Bxe2 {241} 14. Qxe2 {4} Bxc3 {155} 15. e5 {3} Rd8 {13}
16. Bg5 {202} Qf5 {78} 17. Rb3 {11} Bxe5 {181} 18. Nxe5 {0} Qxg5 {5} 19. Rg3 {
465} Qh4 {10} 20. Nxf7 {5} Kxf7 {94} 21. Rh3 {6} Qg5 {6} 22. Rxh7+ {6} Kg8 {8}
23. Rxe7 {22} Qf6 {357} 24. Re6 {24} Qf5 {188} 25. Re8+ {5} Rxe8 {3} 26. Qxe8+
{1} Qf8 {3} 27. Qxg6+ {2} Qg7 {1} 28. Qe8+ {7} Qf8 {2} 29. Qe6+ {3} Qf7 {4} 30.
Qc8+ {4} Kg7 {9} 31. Re1 {5} Qd7 {4} 32. Qxd7+ {5} Nxd7 {1} 33. Re7+ {2} Kf6 {9
} 34. Rxd7 {4} c4 {9} 35. Kf1 {216} b5 {57} 36. Ke2 {48} b4 {65} 37. h4 {87} a5
{95} 38. Rc7 {526} c3 {10} 39. Kd3 {843} Ke5 {111} 40. Kc4 {941} Rf8 {232} 41.
f3 {40} Rf4+ {12} 42. Kc5 {79} a4 {155} 43. Re7+ {6} Kf5 {5} 44. Rf7+ {11} Ke5
{5} 45. Re7+ {1} Kf5 {3} 46. Rf7+ {140} Ke5 {10} 47. Re7+ {
(Lag: Av=0.36s, max=1.2s) 3} 1/2-1/2

[Event "CSS Freestyle 8th"]
[Site "playchess.com"]
[Date "2008.04.12"]
[Round "6"]
[White "Moro Gamgee"]
[Black "Chopy"]
[Result "1-0"]
[WhiteElo "2458"]
[BlackElo "2495"]
[PlyCount "117"]
[EventDate "2008.04.11"]

1. e4 {12} e6 {6} 2. d4 {43} d5 {8} 3. Nc3 {52} Nf6 {12} 4. e5 {157} Nfd7 {9}
5. f4 {6} c5 {19} 6. Nf3 {10} Nc6 {11} 7. Be3 {5} cxd4 {52} 8. Nxd4 {12} Bc5 {
106} 9. Qd2 {10} O-O {27} 10. O-O-O {22} a6 {32} 11. Qf2 {251} Bb4 {13} 12.
Nce2 {296} Na5 {10} 13. Ng3 {98} b5 {23} 14. Kb1 {122} Be7 {121} 15. Bd3 {43}
Qc7 {677} 16. Nh5 {227} g6 {292} 17. f5 {87} Nxe5 {364} 18. Qf4 {10} gxh5 {6}
19. f6 {4} Bxf6 {5} 20. Qxf6 {2} Ng4 {1} 21. Qg5+ {3} Kh8 {3} 22. Qxh5 {3} f5 {
2} 23. Rhe1 {20} Qf7 {104} 24. Qxf7 {58} Rxf7 {0} 25. Bg1 {1} Rf6 {110} 26. h3
{154} Nh6 {5} 27. Be3 {2} Kg8 {602} 28. Bd2 {336} Nc4 {153} 29. Bc3 {22} Rg6 {
165} 30. g4 {35} Bd7 {721} 31. gxf5 {15} Nxf5 {42} 32. Nxf5 {5} exf5 {2} 33.
Re7 {1} Be6 {62} 34. h4 {24} h5 {74} 35. Be2 {205} a5 {9} 36. Bxh5 {69} Kf8 {21
} 37. Rb7 {5} Rg2 {25} 38. Re1 {109} b4 {13} 39. Bd4 {4} Nd2+ {8} 40. Kc1 {5}
Ne4 {4} 41. Bf3 {5} Rg3 {36} 42. Bd1 {217} Rh3 {12} 43. h5 {4} Re8 {51} 44. Rf1
{42} Re7 {21} 45. Rb5 {10} Kf7 {18} 46. Rxa5 {22} Rh4 {57} 47. Rg1 {138} Nf6 {7
} 48. Be3 {6} f4 {40} 49. Bf2 {45} Rh3 {7} 50. Bc5 {22} Rc7 {6} 51. Bd6 {16}
Rd7 {5} 52. Bxf4 {15} Nxh5 {5} 53. Be5 {166} Nf6 {6} 54. Rf1 {3} Rh6 {9} 55.
Bd4 {10} Bh3 {27} 56. Rf3 {27} Bg4 {16} 57. Rxf6+ {16} Rxf6 {3} 58. Bxg4 {3}
Rf1+ {16} 59. Kd2 {Chopy rinde (Lag: Av=0.42s, max=3.0s) 3} 1-0

[Event "CSS Freestyle 8th"]
[Site "playchess.com"]
[Date "2008.04.12"]
[Round "6"]
[White "Heffalump"]
[Black "Bruckmann"]
[Result "0-1"]
[WhiteElo "2543"]
[BlackElo "2414"]
[PlyCount "118"]
[EventDate "2008.04.11"]

1. Nf3 {6} d5 {18} 2. g3 {22} Nf6 {11} 3. Bg2 {10} g6 {11} 4. Ne5 {122} Bg7 {93
} 5. d4 {9} Ng4 {333} 6. f4 {42} c6 {69} 7. Nc3 {20} O-O {42} 8. O-O {15} Nxe5
{382} 9. fxe5 {22} f6 {7} 10. exf6 {642} exf6 {0} 11. b4 {3} f5 {10} 12. b5 {30
} Nd7 {633} 13. Rb1 {12} Nb6 {27} 14. Qd3 {6} Qf6 {76} 15. Rd1 {75} Bd7 {407}
16. Bf4 {178} Qf7 {116} 17. Rb4 {159} Rfc8 {433} 18. bxc6 {23} Bxc6 {31} 19.
Rdb1 {4} Rd8 {94} 20. a4 {8} Rd7 {39} 21. e3 {242} Bf8 {10} 22. Rb5 {9} Rad8 {
145} 23. Bg5 {331} Re8 {39} 24. a5 {307} Nc8 {9} 25. a6 {1} b6 {8} 26. Bf4 {449
} Bxb5 {73} 27. Qxb5 {10} Red8 {16} 28. Rb3 {12} h6 {44} 29. h4 {34} Kh7 {120}
30. Bf3 {157} Qg8 {124} 31. Qe2 {97} Qe6 {94} 32. Rb1 {89} Ne7 {13} 33. Nb5 {27
} h5 {66} 34. c3 {56} Bh6 {39} 35. Re1 {74} Rc8 {242} 36. Qd2 {4} Ng8 {16} 37.
Kh2 {154} Qc6 {31} 38. Qb2 {18} Nf6 {7} 39. Qb4 {166} Qc4 {139} 40. Qxc4 {6}
Rxc4 {5} 41. Bd1 {4} Bxf4 {31} 42. exf4 {5} Kg7 {41} 43. Kg2 {. 114} Ne4 {22}
44. Re3 {4} Kf6 {17} 45. Kf3 {10} Nd6 {33} 46. Na3 {120} Rc8 {14} 47. Bb3 {4}
Re7 {14} 48. Rd3 {35} Rec7 {12} 49. Nb1 {54} Ne4 {18} 50. Re3 {5} Nxc3 {10} 51.
Na3 {3} b5 {25} 52. Rd3 {40} Rc6 {9} 53. Nc2 {6} Rxa6 {6} 54. Nb4 {12} Ra1 {20}
55. Bxd5 {7} Nxd5 {5} 56. Nxd5+ {2} Ke6 {6} 57. Nb4 {5} a5 {6} 58. Nc6 {2} b4 {
6} 59. d5+ {4} Kd6 {Heffalump gibt auf (Lag: Av=0.99s, max=37.7s) 5} 0-1

[Event "CSS Freestyle 8th"]
[Site "playchess.com"]
[Date "2008.04.12"]
[Round "6"]
[White "Pandini"]
[Black "Fulcrum2000"]
[Result "1/2-1/2"]
[WhiteElo "2362"]
[BlackElo "2536"]
[PlyCount "162"]
[EventDate "2008.04.11"]

1. e4 {5} c5 {9} 2. Nf3 {5} Nc6 {60} 3. d4 {18} cxd4 {16} 4. Nxd4 {15} e5 {68}
5. Nb5 {9} d6 {14} 6. N1c3 {12} Nf6 {12} 7. Bg5 {11} a6 {14} 8. Na3 {9} b5 {43}
9. Bxf6 {62} gxf6 {35} 10. Nd5 {20} f5 {42} 11. Bd3 {104} Be6 {17} 12. O-O {57}
Bg7 {126} 13. Qh5 {77} f4 {67} 14. c4 {97} bxc4 {8} 15. Bxc4 {39} O-O {9} 16.
Rac1 {92} Rb8 {26} 17. b3 {60} Qd7 {11} 18. Rfd1 {78} Kh8 {12} 19. h3 {94} Qb7
{355} 20. Nc2 {232} Rfc8 {187} 21. Qh4 {74} h6 {8} 22. Qh5 {22} Na5 {149} 23.
Be2 {90} Nc6 {29} 24. Bg4 {251} Qd7 {3} 25. Bf5 {59} a5 {22} 26. Qg4 {96} Rg8 {
47} 27. Qh5 {215} Rgc8 {92} 28. Qg4 {46} Rg8 {213} 29. Kh1 {22} Qa7 {188} 30.
Bxe6 {178} Bf8 {8} 31. Qf5 {16} fxe6 {5} 32. Qxe6 {15} Qxf2 {3} 33. Qf6+ {33}
Bg7 {5} 34. Qxd6 {44} f3 {8} 35. Qg6 {85} Nd4 {5} 36. Rf1 {193} fxg2+ {3} 37.
Qxg2 {22} Qxg2+ {2} 38. Kxg2 {1} Ne2 {171} 39. Rce1 {120} Nf4+ {8} 40. Kh2 {34}
a4 {5} 41. b4 {119} Rgc8 {292} 42. Nce3 {29} Nxd5 {19} 43. Nxd5 {16} Rc2+ {23}
44. Kg3 {57} Rxa2 {46} 45. Rf7 {20} Rf8 {55} 46. Ref1 {67} Rxf7 {15} 47. Rxf7 {
15} a3 {72} 48. Ra7 {7} Kh7 {5} 49. b5 {61} Rb2 {21} 50. Kg4 {65} Rxb5 {55} 51.
Kf5 {28} Rb8 {8} 52. Nf6+ {63} Kh8 {16} 53. Rxa3 {40} Bxf6 {71} 54. Kxf6 {6}
Rb6+ {30} 55. Kf5 {70} Kg8 {20} 56. Rc3 {105} Kg7 {149} 57. Kxe5 {45} Kf7 {55}
58. h4 {103} Rb5+ {46} 59. Kd6 {35} Rb6+ {50} 60. Kd5 {25} Rb5+ {51} 61. Rc5 {
15} Rb2 {12} 62. Rc7+ {86} Kf6 {56} 63. e5+ {20} Kg6 {54} 64. h5+ {22} Kxh5 {14
} 65. Rg7 {8} Rd2+ {28} 66. Ke6 {65} Kh4 {21} 67. Ke7 {43} h5 {43} 68. e6 {37}
Kh3 {18} 69. Rg5 {84} h4 {6} 70. Kf6 {60} Rf2+ {23} 71. Rf5 {39} Rg2 {80} 72.
e7 {46} Rg8 {8} 73. Kf7 {130} Rh8 {43} 74. Re5 {41} Kg4 {33} 75. Rd5 {17} h3 {
49} 76. e8=Q {34} Rxe8 {11} 77. Kxe8 {16} h2 {9} 78. Rd1 {28} Kf3 {27} 79. Rc1
{48} Kg2 {15} 80. Rc2+ {28} Kg1 {23} 81. Rxh2 {38} Kxh2 {
(Lag: Av=0.26s, max=1.1s) 8} 1/2-1/2

[Event "CSS Freestyle 8th"]
[Site "playchess.com"]
[Date "2008.04.12"]
[Round "6"]
[White "Jcook140"]
[Black "Revelator"]
[Result "1/2-1/2"]
[WhiteElo "2424"]
[BlackElo "2515"]
[PlyCount "106"]
[EventDate "2008.04.11"]

1. e4 {46} c5 {8} 2. Nf3 {28} d6 {8} 3. d4 {17} cxd4 {4} 4. Nxd4 {6} Nf6 {5} 5.
Nc3 {12} a6 {6} 6. Bg5 {256} e6 {14} 7. f4 {141} Qb6 {10} 8. Nb3 {306} Be7 {22}
9. Qf3 {104} Nbd7 {313} 10. Be2 {243} Qc7 {101} 11. a4 {54} h6 {38} 12. Bh4 {36
} b6 {71} 13. O-O {32} O-O {199} 14. Qe3 {289} Bb7 {263} 15. Bf2 {239} Nc5 {84}
16. Bf3 {117} d5 {134} 17. e5 {170} Nxb3 {145} 18. cxb3 {9} Bc5 {122} 19. Qe1 {
120} Nd7 {36} 20. b4 {116} Bxf2+ {411} 21. Rxf2 {58} Qc4 {345} 22. Ne2 {59}
Rfc8 {58} 23. Qd2 {171} Qc2 {206} 24. Qxc2 {10} Rxc2 {5} 25. Nc3 {12} Rxf2 {76}
26. Kxf2 {7} Rc8 {15} 27. Ne2 {59} g5 {379} 28. g3 {143} Kg7 {125} 29. Rc1 {97}
Rxc1 {109} 30. Nxc1 {5} f6 {18} 31. Nd3 {35} Bc6 {203} 32. b3 {26} gxf4 {201}
33. gxf4 {52} Nb8 {133} 34. Ke3 {123} fxe5 {168} 35. fxe5 {8} d4+ {36} 36. Kf4
{. 86} Bxf3 {2} 37. Kxf3 {4} Nc6 {4} 38. Kf4 {74} Kf7 {20} 39. Ke4 {17} Kg6 {36
} 40. a5 {28} bxa5 {15} 41. bxa5 {31} Nxa5 {2} 42. Nc5 {27} d3 {4} 43. Kxd3 {9}
Kf5 {15} 44. b4 {96} Nc6 {2} 45. Nxa6 {17} Kxe5 {28} 46. b5 {52} Na5 {4} 47.
Nc7 {38} Kd6 {20} 48. b6 {10} Nb7 {17} 49. Kc4 {14} e5 {18} 50. Nd5 {24} Kc6 {
45} 51. Ne7+ {39} Kxb6 {2} 52. Kd5 {11} h5 {18} 53. Kxe5 {7} Kc5 {
Revelator offers a draw (Lag: Av=1.81s, max=6.1s) 14} 1/2-1/2